|
|
|
|
| LEADER |
00583cam a2200193 7i4500 |
| 001 |
0000029143 |
| 005 |
20131204090000.0 |
| 020 |
0 |
0 |
|a 9780761400431
|
| 090 |
0 |
0 |
|a JAPN 952
|b BRA
|
| 100 |
1 |
0 |
|a Bramble
|
| 245 |
1 |
0 |
|a Culture shock! Japan :
|b a survival to customs and etiquette.
|
| 250 |
0 |
0 |
|a 4th ed.
|
| 260 |
0 |
0 |
|a New York:
|b Marshall Covendish Corporation,
|c 2012.
|
| 300 |
# |
# |
|a 281 p.
|
| 650 |
0 |
0 |
|a Etiquette --
|z Japan
|
| 650 |
0 |
0 |
|a Japan --
|x Social life and customs
|
| 650 |
0 |
0 |
|a Japan --
|x Guidebooks
|
| 651 |
0 |
0 |
|a Japan
|
| 999 |
|
|
|a B000033235
|b Book
|c Countries
|e Business Information Centre
|